| 000 | 004660000a22001810004500 | ||
|---|---|---|---|
| 003 | LK-CoMWRAF | ||
| 005 | 20231109112348.0 | ||
| 008 | 230817t1953 ||||| |||| 00| 0 eng d | ||
| 040 |
_aLK-CoMWRAF _dLK-CoMWRAF _eLK-CoMWRAF |
||
| 041 | _aeng | ||
| 082 |
_a173.1 _bPRO |
||
| 100 | _aProctor, Anne | ||
| 245 | _aBackground to Marriage or the First Twenty Years | ||
| 260 |
_aLondon: _bLongmans, _c1953 |
||
| 300 | _a141 p. 20 cm. | ||
| 650 | _aMARRIAGE | ||
| 942 | _cBK | ||
| 999 |
_c1737 _d1737 |
||